000 00325nam a22001217a 4500
008 160422b xxu||||| |||| 00| 0 eng d
020 _a9780805380705
020 _a0805380701
041 _aeng
080 _a618.2
245 _aMaternal newborn nursing;
_cSally B. Olds; Marcia L.London; Patricia A. Wieland;
942 _2udc
_cBK
999 _c1519
_d1519